000 00322 a2200133 4500
001 155847
040 _cEscola São Tomás de Aquino
100 _aLACERDA, Maria Alice
240 1 0 _aBrincando com as sombras
_lpor
245 1 0 _aBrincando com as sombras
362 0 _a2016
697 _a*LITERATURA INFANTIL
942 _cBK
999 _c155847
_d155847